Every UEFA Europa Conference League Goalscorer 2021/22 - Statistics

General Stats
  • This quiz has been taken 38 times
    20 since last reset
  • The average score is 31 of 221
Answer Stats
Team Goals Scored Nationality Answer % Correct
Roma 8 English Tammy Abraham
94%
Tottenham Hotspur 4 English Harry Kane
76%
Tottenham Hotspur 1 Korean Son Heung-Min
76%
Roma 1 English Chris Smalling
65%
Roma 4 Italian Nicolò Zaniolo
65%
Feyenoord 2 Turkish Orkun Kökçü
65%
Olympique Marseille 3 Polish Arkadiusz Milik
59%
Feyenoord 8 Nigerian Cyriel Dessers
59%
Roma 3 Italian Lorenzo Pellegrini
59%
Tottenham Hotspur 1 Brazilian Lucas Moura
59%
Feyenoord 5 Colombian Luis Sinisterra
59%
Leicester 1 Zambian Patson Daka
59%
Tottenham Hotspur 1 Danish Pierre-Emile Højbjerg
59%
Olympique Marseille 3 French Dimitri Payet
53%
PSV Eindhoven 4 Israeli Eran Zahavi
53%
Leicester 3 English James Maddison
53%
Roma 3 Italian Stephan El Shaarawy
53%
Leicester 1 Nigerian Wilfred Ndidi
53%
Roma 2 Spanish Carles Pérez
47%
Tottenham Hotspur 1 Argentinian Giovani Lo Celso
47%
Leicester 1 Portuguese Ricardo Pereira
47%
Roma 1 Brazilian Roger Ibáñez
47%
Roma 1 Portuguese Sérgio Oliveira
47%
PSV Eindhoven 3 Dutch Cody Gakpo
41%
Leicester 1 Nigerian Kelechi Iheanacho
41%
Feyenoord 1 Argentinian Marcos Senesi
41%
Bodø/Glimt 6 Norwegian Ola Solbakken
41%
Basel 5 Brazilian Arthur Cabral
35%
Olympique Marseille 1 Turkish Cengiz Ünder
35%
Tottenham Hotspur 1 English Dele Alli
35%
Roma 1 Italian Gianluca Mancini
35%
Feyenoord 1 Dutch Lutsharel Geertruida
35%
Olympique Marseille 1 French Mattéo Guendouzi
35%
Feyenoord 2 English Reiss Nelson
35%
AZ Alkmaar 4 Greek Vangelis Pavlidis
35%
Leicester 1 French Wesley Fofana
35%
Feyenoord 1 Iranian Alireza Jahanbakhsh
29%
Bodø/Glimt 5 Norwegian Amahl Pellegrino
29%
Roma 1 Spanish Borja Mayoral
29%
Feyenoord 3 Dutch Bryan Linssen
29%
Olympique Marseille 1 Brazilian Gerson
29%
Leicester 2 English Harvey Barnes
29%
Feyenoord 2 Dutch Jens Toornstra
29%
AZ Alkmaar 1 Swedish Jesper Karlsson
29%
Vitesse 3 Belgian Loïs Openda
29%
PSV Eindhoven 1 German Mario Götze
29%
AZ Alkmaar 2 Icelandic Albert Guðmundsson
24%
Vitesse 3 German Maximillian Wittek
24%
Olympique Marseille 1 French Valentin Rongier
24%
Slavia Praha 6 Nigerian Yira Sor
24%
Sparta Praha 1 Czech Adam Hložek
18%
PAOK 4 Serbian Andrija Živković
18%
PAOK 2 English Chuba Akpom
18%
Celtic 1 Japanese Daizen Maeda
18%
Bodø/Glimt 4 Norwegian Erik Botheim
18%
AZ Alkmaar 1 Norwegian Hakon Evjen
18%
PAOK 1 Slovenian Jasmin Kurtič
18%
Stade Rennais 1 Ghanaian Kamaldeen Sulemana
18%
Leicester 1 English Kiernan Dewsbury-Hall
18%
Olympique Marseille 1 American Konrad de la Fuente
18%
Vitesse 2 Slovakian Matúš Bero
18%
PSV Eindhoven 1 English Noni Madueke
18%
Bodø/Glimt 1 Norwegian Patrick Berg
18%
PSV Eindhoven 1 Japanese Ritsu Doan
18%
Basel 1 Italian Sebastiano Esposito
18%
Union Berlin 2 Nigerian Taiwo Awoniyi
18%
PSV Eindhoven 1 Belgian Yorbe Vertessen
18%
Randers 2 Sierra Leonean Alhaji Kamara
12%
Slovan Bratislava 4 English Andre Green
12%
Fenerbahçe 1 Greek Dimitris Pelkas
12%
Fenerbahçe 1 Turkish Ferdi Kadıoğlu
12%
Rapid Wien 1 Dutch Ferdy Druijf
12%
Stade Rennais 2 French Flavien Tait
12%
Stade Rennais 5 French Gaëtan Laborde
12%
Vitesse 1 Danish Jacob Rasmussen
12%
LASK Linz 2 Japanese Keito Nakamura
12%
København 1 Dutch Kevin Diks
12%
Partizan Beograd 2 Serbian Lazar Marković
12%
Anorthosis Famagusta 2 Greek Lazaros Christodoulopoulos
12%
Stade Rennais 1 French Loïc Badé
12%
Leicester 1 English Mark Albrighton
12%
Union Berlin 1 German Max Kruse
12%
PAOK 1 Moroccan Omar El Kaddouri
12%
Partizan Beograd 2 Dutch Queensy Menig
12%
Partizan Beograd 4 Cape Verdean Ricardo Gomes
12%
Bodø/Glimt 1 Norwegian Runar Espejord
12%
Stade Rennais 2 French Serhou Guirassy
12%
PAOK 1 Austrian Stefan Schwab
12%
Gent 1 Belgian Sven Kums
12%
Kairat Almaty 1 Brazilian Vágner Love
12%
PAOK 1 Portuguese Vieirinha
12%
Qarabağ 1 French Abdellah Zoubir
6%
Slovan Bratislava 1 Serbian Aleksandar Čavrić
6%
Slavia Praha 2 Danish Alexander Bah
6%
PAOK 1 Romanian Alexandru Mitriță
6%
Union Berlin 1 German Andreas Voglsammer
6%
Partizan Beograd 1 Israeli Bibras Natcho
6%
Union Berlin 1 Austrian Christopher Trimmel
6%
LASK Linz 1 Austrian Christoph Monschein
6%
CFR Cluj 1 Romanian Ciprian Deac
6%
Gent 1 Serbian Darko Lemajić
6%
Maccabi Haifa 1 Israeli Dean David
6%
PAOK 1 Portuguese Douglas Augusto
6%
Basel 2 Kosovan Edon Zhegrova
6%
Slavia Praha 4 Ivorian Ibrahim Traoré
6%
Midtjylland 1 Swedish Joel Andersson
6%
København 4 Danish Jonas Wind
6%
AZ Alkmaar 1 Dutch Jordy Clasie
6%
PAOK 1 Spanish José Ángel Crespo
6%
Kairat Almaty 3 Guinean José Kanté
6%
Union Berlin 1 Norwegian Julian Ryerson
6%
Qarabağ 2 Brazilian Kady
6%
Union Berlin 2 German Kevin Behrens
6%
Gent 1 Belgian Laurent Depoitre
6%
Basel 2 Canadian Liam Millar
6%
København 2 Danish Lukas Lerager
6%
Rapid Wien 1 Austrian Marco Grull
6%
Lincoln Red Imps 1 Spanish Marco Rosa
6%
Partizan Beograd 1 Serbian Marko Milovanović
6%
Fenerbahçe 1 German Mërgim Berisha
6%
Fenerbahçe 1 Turkish Mert Hakan Yandaş
6%
Partizan Beograd 1 Serbian Nemanja Jović
6%
Slavia Praha 1 Liberian Oscar Dorley
6%
Vitesse 1 Algerian Oussama Darfalou
6%
Qarabağ 1 Cape Verdean Patrick Andrade
6%
København 4 Spanish Pep Biel
6%
København 1 Danish Peter Ankersen
6%
LASK Linz 1 Austrian Peter Michorl
6%
Slavia Praha 4 Nigerian Peter Olayinka
6%
LASK Linz 2 Austrian Philipp Wiesinger
6%
Flora Tallinn 3 Estonian Rauno Sappinen
6%
Lincoln Red Imps 1 Gibraltarian Roy Chipolina
6%
Slovan Bratislava 1 Slovakian Samuel Mráz
6%
PAOK 1 Brazilian Sidcley
6%
Partizan Beograd 1 Serbian Slobodan Urošević
6%
Maccabi Tel-Aviv 2 Croatian Stipe Perica
6%
Gent 1 Moroccan Tarik Tissoudali
6%
Vitesse 2 Dutch Thomas Buitink
6%
LASK Linz 1 Austrian Thomas Goiginger
6%
Slavia Praha 1 Czech Tomáš Holeš
6%
Mura 1 Slovenian Tomi Horvat
6%
AZ Alkmaar 1 Dutch Zakaria Aboukhlal
6%
Qarabağ 1 Azeri Abbas Huseynov
0%
Vitesse 1 Austrian Adrian Grbić
0%
Alashkert 1 Bosnian Aleksandar Glišić
0%
LASK Linz 1 Austrian Alexander Schmidt
0%
Bodø/Glimt 1 Icelandic Alfons Sampsted
0%
Zorya Luhansk 2 Iranian Allahyar Sayyadmanesh
0%
Mura 2 Slovenian Amadej Maroša
0%
LASK Linz 2 Austrian Andreas Gruber
0%
Omonia Nicosia 1 Cypriot Andronikos Kakoullis
0%
HJK Helsinki 1 Finnish Anthony Olusanya
0%
Zorya Luhansk 1 Ukrainian Artem Gromov
0%
HJK Helsinki 1 Japanese Atom Tanaka
0%
Stade Rennais 1 French Benjamin Borigeaud
0%
Maccabi Tel-Aviv 1 Curaçaoan Brandley Kuwas
0%
CFR Cluj 1 Romanian Claudiu Petrila
0%
Vitesse 2 Dutch Daan Huisman
0%
Maccabi Tel-Aviv 1 Israeli Dan Biton
0%
Midtjylland 1 Danish Daniel Høegh
0%
Basel 2 Swiss Dan Ndoye
0%
LASK Linz 1 Austrian Dario Marešić
0%
Alashkert 1 Montenegrin Dejan Boljević
0%
Anorthosis Famagusta 2 Slovenian Denis Popović
0%
Anorthosis Famagusta 1 Cypriot Dimitris Christofi
0%
Maccabi Tel-Aviv 2 Israeli Eden Shamir
0%
Zorya Luhansk 1 Ukrainian Egor Nazaryna
0%
Maccabi Tel-Aviv 2 Spanish Enric Saborit
0%
Maccabi Tel-Aviv 1 Israeli Eylon Almog
0%
Slovan Bratislava 2 Nigerian Ezekiel Henty
0%
HJK Helsinki 1 Slovenian Filip Valenčič
0%
CFR Cluj 2 Croatian Gabriel Debeljuh
0%
Maccabi Tel-Aviv 3 Israeli Gavriel Kanichowsky
0%
Gent 1 Belgian Gianni Bruno
0%
Maccabi Haifa 1 Ghanaian Godsway Donyoh
0%
CSKA-Sofia 1 Irish Graham Carey
0%
CSKA-Sofia 1 Bosnian Hamza Čataković
0%
LASK Linz 1 Korean Hong Hyeon-Seok
0%
Bodø/Glimt 3 Norwegian Hugo Vetlesen
0%
LASK Linz 2 Austrian Husein Balić
0%
Qarabağ 1 Senegalese Ibrahima Wadji
0%
København 2 Icelandic Ísak Jóhanesson
0%
Slavia Praha 3 Slovakian Ivan Schranz
0%
Slavia Praha 3 Czech Jan Kuchta
0%
Omonia Nicosia 1 Czech Jan Lecjaks
0%
København 2 Danish Jens Stage
0%
Omonia Nicosia 2 Spanish Jordi Gómez
0%
Alashkert 2 Portuguese José Embaló
0%
Kairat Almaty 1 Armenian Kamo Hovhannisyan
0%
Qarabağ 1 Azeri Maksim Medvedev
0%
Flora Tallinn 1 Estonian Martin Miller
0%
Maccabi Tel-Aviv 2 Israeli Matan Hozez
0%
Basel 2 Swiss Michael Lang
0%
Omonia Nicosia 1 Slovakian Michal Ďuriš
0%
Anorthosis Famagusta 1 Serbian Miloš Deletić
0%
Jablonec 2 Czech Miloš Kratochvíl
0%
Mura 1 Slovenian Mitja Lotrič
0%
Slavia Praha 1 Czech Ondřej Lingr
0%
Basel 2 Swiss Pajtim Kasami
0%
Olympique Marseille 1 French Pape Gueye
0%
Qarabağ 2 Azeri Ramil Sheydaev
0%
København 2 Danish Rasmus Højlund
0%
Kairat Almaty 1 Portuguese Ricardo Alves
0%
HJK Helsinki 1 Finnish Riku Riski
0%
HJK Helsinki 1 Finnish Roope Riski
0%
LASK Linz 2 Austrian Sascha Horvath
0%
Flora Tallinn 1 Estonian Sergei Zenjov
0%
Zorya Luhansk 1 Iranian Shahab Zahedi
0%
Randers 1 Danish Simon Graves
0%
Randers 2 Austrian Simon Piesinger
0%
Bodø/Glimt 1 Norwegian Sondre Brunstad Fet
0%
Vitesse 1 Norwegian Sondre Tronstad
0%
Randers 3 Nigerian Stephen Odey
0%
AZ Alkmaar 1 Dutch Thijs Oosting
0%
Jablonec 2 Czech Tomáš Čvančara
0%
Bodø/Glimt 2 Norwegian Ulrik Saltnes
0%
Jablonec 1 Czech Václav Pilař
0%
Randers 2 Danish Vito Hammershøy-Mistrati
0%
København 1 Danish William Boving
0%
CSKA-Sofia 1 Dutch Yanic Wildschut
0%
Mura 1 Slovenian Žiga Kous
0%
No matching quizzes found
Score Distribution
Percent of People with Each Score
Percentile by Number Answered
Your Score History
You have not taken this quiz since the last reset